000
00319 a2200157 4500
001
73946
020
_a
8478387420
040
_c
Anchieta - Colégio São Paulo
100
_a
Rogerson, John
240
1
0
_a
A bíblia
_l
Esp
245
1
0
_a
A bíblia
300
_a
124
362
0
_a
1996
650
4
_a
Bíblia
942
_c
BK
999
_c
73946
_d
73946